Managing Diversity (Record no. 353013)
[ view plain ]
| 000 -LEADER | |
|---|---|
| fixed length control field | 00526nam a2200121Ia 4500 |
| 008 - FIXED-LENGTH DATA ELEMENTS--GENERAL INFORMATION | |
| fixed length control field | 171212s9999 xx 000 0 und d |
| 245 ## - TITLE STATEMENT | |
| Statement of responsibility, etc | editor Cardinal, Linda;Brown, Nicholas |
| Title | Managing Diversity |
| Remainder of title | Practices of Citizenship |
| 260 ## - PUBLICATION, DISTRIBUTION, ETC. (IMPRINT) | |
| Name of publisher, distributor, etc | University of Ottawa Press |
| Date of publication, distribution, etc | 2007 |
| 440 ## - SERIES STATEMENT/ADDED ENTRY--TITLE | |
| Title | Governance Series |
| 650 ## - SUBJECT ADDED ENTRY--TOPICAL TERM | |
| Topical term or geographic name as entry element | Multiculturalism -- Canada -- Congresses; Multiculturalism -- Australia -- Congresses; Multiculturalism -- Ireland -- Congresses |
| 650 ## - SUBJECT ADDED ENTRY--TOPICAL TERM | |
| Topical term or geographic name as entry element | Political Science |
| 856 ## - ELECTRONIC LOCATION AND ACCESS | |
| Uniform Resource Identifier | <a href="http://jstor.org/stable/j.ctt1ckpcm2">http://jstor.org/stable/j.ctt1ckpcm2</a> |
| Withdrawn status | Lost status | Damaged status | Home library | Current library | Date acquired | Total Checkouts | Full call number | Date last seen | Price effective from | Koha item type |
|---|---|---|---|---|---|---|---|---|---|---|
| College Library | College Library | 12/12/2017 | JF801.M336 2007 | 12/12/2017 | 12/12/2017 | Curriculum - Based eBooks |